Statistics for Name the Youtuber

Click here to take the quiz!

General Stats

  • This quiz has been taken 25 times
  • The average score is 4 of 12

Answer Stats

HintYoutuber% Correct
Brother of Logan PaulJake Paul
92%
Most subscribed youtuberPewdiepie
83%
Irish gaming youtuber, with green hairJacksepticeye
50%
English gaming youtuber, who often changes the colour of his hairDanTDM
42%
Youtube channel of the Fresh PrinceWill Smith
33%
Youtube channel that makes theories about moviesFilm Theory
17%
Two guys that have a Youtube talk showGood Mythical Morning
17%
Minecraft youtuber that does videos with his wifePopularmmos
17%
Canadian youtuber that does top 10 listsMatthew Santoro
13%
Most popular Star Wars youtuberStar Wars theory
8%
Danish Minecraft youtuber, whose gender is unknownMagmamusen
4%
Japanese immigrant, who does parodiesRyan Higa
4%

Score Distribution

Percentile by Number Answered

Percent of People with Each Score

Your Score History

You have not taken this quiz